|
|
|
|
| LEADER |
00989nam a2200265 a 4500 |
| 001 |
652604 |
| 008 |
110331s1994 caua b 001 0 eng d |
| 010 |
|
|
|a 94019448
|
| 020 |
|
|
|a 0803927681 (cloth)
|
| 020 |
|
|
|a 080392769X (pbk.)
|
| 040 |
|
|
|a DLC
|c DLC
|d DLC
|d BD-DhAAL
|
| 082 |
0 |
0 |
|a 155.67
|2 22
|
| 100 |
1 |
|
|a Midlarsky, Elizabeth.
|
| 245 |
1 |
0 |
|a Altruism in later life /
|c Elizabeth Midlarsky, Eva Kahana.
|
| 260 |
|
|
|a Thousand Oaks :
|b Sage Publications,
|c c1994.
|
| 300 |
|
|
|a xiii, 269 p. :
|b ill. ;
|c 23 cm.
|
| 490 |
0 |
|
|a Sage library of social research ;
|v v. 196
|
| 504 |
|
|
|a Includes bibliographical references (p. 239-259) and index.
|
| 541 |
|
|
|e 00007193
|
| 650 |
|
0 |
|a Altruism in old age.
|
| 650 |
|
0 |
|a Helping behavior in old age.
|
| 700 |
1 |
|
|a Kahana, Eva.
|
| 852 |
4 |
|
|a Ayesha Abed Library
|j General shelf
|
| 999 |
|
|
|c 10621
|d 10621
|
| 952 |
|
|
|0 0
|1 0
|2 ddc
|4 0
|6 155_670000000000000_MID
|7 0
|9 15960
|a BRACUL
|b BRACUL
|c GEN
|d 2011-03-31
|l 0
|o 155.67 MID
|p 3010007193
|r 2011-03-31
|t 1
|w 2011-03-31
|y BK
|